|
|
|
|
| LEADER |
00935nab a2200157 i 4500 |
| 001 |
misc14988 |
| 005 |
20191106142522.0 |
| 008 |
170607s1931 hu o 0|| hun d |
| 040 |
|
|
|a SZTE Miscellanea Repozitórium
|b hun
|
| 041 |
|
|
|a hun
|
| 245 |
0 |
0 |
|a I. Általános forgalmi adójogi szempontból stornirozás akkor forog fenn, amikor az ügylet természetes, törvényi vagy szerződési lebonyolítása folyamán olyan akadály merült fel, amely a feleket az elállásra jogosítja fel; II. nem változtat a stornirozáson az, hogy az áru eladója az árut a visszaadó félnél külön megállapodással kikészítésre otthagyta
|h [elektronikus dokumentum]
|
| 260 |
|
|
|c 1931
|
| 300 |
|
|
|a 27-28b
|
| 490 |
0 |
|
|a Polgári jog : a hazai és külföldi magánjog és hiteljog szemléje
|v 7
|
| 695 |
|
|
|a Forgalmi adózás adókötelezettség joggyakorlat
|
| 856 |
4 |
0 |
|u http://misc.bibl.u-szeged.hu/14988/1/polgari_jog_1931_027-028b.pdf
|z Dokumentum-elérés
|